Persistence of certain pesticides in strawberry fruits under field conditions and during processing / (رقم التسجيلة. 50306)

تفاصيل مارك
000 -LEADER
fixed length control field 02557cam a2200349 a 4500
003 - CONTROL NUMBER IDENTIFIER
control field EG-GiCUC
005 - DATE AND TIME OF LATEST TRANSACTION
control field 20250223031210.0
008 - FIXED-LENGTH DATA ELEMENTS--GENERAL INFORMATION
fixed length control field 150405s2014 ua d f m 000 0 eng d
040 ## - CATALOGING SOURCE
Original cataloging agency EG-GiCUC
Language of cataloging eng
Transcribing agency EG-GiCUC
041 0# - LANGUAGE CODE
Language code of text/sound track or separate title eng
049 ## - LOCAL HOLDINGS (OCLC)
Holding library Deposite
097 ## - Thesis Degree
Thesis Level M.Sc
099 ## - LOCAL FREE-TEXT CALL NUMBER (OCLC)
Classification number Cai01.07.08.M.Sc.2014.Ay.P
100 0# - MAIN ENTRY--PERSONAL NAME
Personal name Ayman Nabil Saber Abdel-Hay
245 10 - TITLE STATEMENT
Title Persistence of certain pesticides in strawberry fruits under field conditions and during processing /
Statement of responsibility, etc. Ayman Nabil Saber Abdelhay ; Supervised Hany Mahmoud Ashour Badawy , Dalia Ahmed Barakat , Farag Mahmoud Mohamed Malhat
246 15 - VARYING FORM OF TITLE
Title proper/short title بقاء بعض مبيدات الأفات في ثمار الفراولة تحت الظروف الحقلية وأثناء التصنيع
260 ## - PUBLICATION, DISTRIBUTION, ETC.
Place of publication, distribution, etc. Cairo :
Name of publisher, distributor, etc. Ayman Nabil Saber Abdel-Hay ,
Date of publication, distribution, etc. 2014
300 ## - PHYSICAL DESCRIPTION
Extent 128 P. :
Other physical details charts ;
Dimensions 25cm
502 ## - DISSERTATION NOTE
Dissertation note Thesis (M.Sc.) - Cairo University - Faculty of Agriculture - Department of Economic Entomology and Pesticides
520 ## - SUMMARY, ETC.
Summary, etc. Field trials were carried out in two sites Qaliob and El-Suhada to study the persistence and residue levels of chromafenozide, hexythiazox, etoxazole, boscalid and pyraclostrobin in strawberry fruits under field conditions using HPLC-DAD and GC-ECD. The methods were validated using blank samples spiked at three levels and the results showed that recoveries of tested pesticides were ranged from 85% to 110%, it was in the acceptable range according to EC (SANCO/ 12495/2011) . The intra- and inter-day relative standard deviations of all tested pesticides were less than 15%, in agreement with directives for method validation in residue analyses. Estimated the limit of quantification was 0.01 mg kg -1, and the limit of dedication ranged between 0.001 to 0.005 mg/kg. The initial deposit of chromafenozide, hexythiazox, etoxazole boscalid and pyraclostrobin in strawberry in Qaliob were 0.971, 0.764, 1.04, 0.394 and 0.344 mg kg⁻¹, respectively. While the initial deposit of chromafenozide, hexythiazox, etoxazole boscalid and pyraclostrobin in strawberry in El-Suhada were 0.910, 0.862, 0.867, 0.459 and 0.451 mg kg⁻¹, respectively
530 ## - ADDITIONAL PHYSICAL FORM AVAILABLE NOTE
Additional physical form available note Issued also as CD
653 #4 - INDEX TERM--UNCONTROLLED
Uncontrolled term Chromafenozide
653 #4 - INDEX TERM--UNCONTROLLED
Uncontrolled term Dissipation
653 #4 - INDEX TERM--UNCONTROLLED
Uncontrolled term Residues
700 0# - ADDED ENTRY--PERSONAL NAME
Personal name Dalia Ahmed Barakat ,
Relator term
700 0# - ADDED ENTRY--PERSONAL NAME
Personal name Farag Mahmoud Mohamed Malhat ,
Relator term
700 0# - ADDED ENTRY--PERSONAL NAME
Personal name Hany Mahmoud Ashour Badawy ,
Relator term
856 ## - ELECTRONIC LOCATION AND ACCESS
Uniform Resource Identifier <a href="http://172.23.153.220/th.pdf">http://172.23.153.220/th.pdf</a>
905 ## - LOCAL DATA ELEMENT E, LDE (RLIN)
Cataloger Aml
Reviser Cataloger
905 ## - LOCAL DATA ELEMENT E, LDE (RLIN)
Cataloger Nazla
Reviser Revisor
942 ## - ADDED ENTRY ELEMENTS (KOHA)
Source of classification or shelving scheme Dewey Decimal Classification
Koha item type Thesis
المقتنيات
Source of classification or shelving scheme Not for loan Home library Current library Date acquired Full call number Barcode Date last seen Koha item type Copy number
Dewey Decimal Classification   المكتبة المركزبة الجديدة - جامعة القاهرة قاعة الرسائل الجامعية - الدور الاول 11.02.2024 Cai01.07.08.M.Sc.2014.Ay.P 01010110065087000 22.09.2023 Thesis  
Dewey Decimal Classification   المكتبة المركزبة الجديدة - جامعة القاهرة مخـــزن الرســائل الجـــامعية - البدروم 11.02.2024 Cai01.07.08.M.Sc.2014.Ay.P 01020110065087000 22.09.2023 CD - Rom 65087.CD
Cairo University Libraries Portal Implemented & Customized by: Eng. M. Mohamady Contacts: new-lib@cl.cu.edu.eg | cnul@cl.cu.edu.eg
CUCL logo CNUL logo
© All rights reserved — Cairo University Libraries
CUCL logo
Implemented & Customized by: Eng. M. Mohamady Contact: new-lib@cl.cu.edu.eg © All rights reserved — New Central Library
CNUL logo
Implemented & Customized by: Eng. M. Mohamady Contact: cnul@cl.cu.edu.eg © All rights reserved — Cairo National University Library